000 00289nam a22001337a 4500
008 170206b xxu||||| |||| 00| 0 eng d
020 _a9780073521961
041 _aeng
080 _a61
100 _a3
101 _aSHM
245 _aFIRST RESPONDER
_cDAVID.T CULVERWELL
942 _2udc
_cBK
999 _c4724
_d4724